| 000 | 00517nam a2200181 i 4500 | ||
|---|---|---|---|
| 999 |
_c7414 _d7414 |
||
| 003 | OSt | ||
| 005 | 20211118130814.0 | ||
| 008 | 070118s2006 sp 001 0 spa d | ||
| 020 | _a8497884841 | ||
| 040 |
_aES-VaUB _bcat _cCDRM |
||
| 100 | 1 | _aCasas, Quim | |
| 245 | 1 | 0 |
_aAnálisis y crítica audiovisual / _cQuim Casas Moliner |
| 260 |
_aBarcelona : _bUOC, _c2006 |
||
| 300 |
_a150 pàgines; _c24 cm |
||
| 490 |
_aComunicación audiovisual ; _v42 |
||
| 650 | 0 | 0 |
_aCrítica cinematogràfica _94713 |
| 942 |
_2udc _cMON |
||